[Event "4NCL Division Three East"]
[Site "Daventry, ENG"]
[Date "2022.11.06"]
[Round "2.53"]
[White "Gibbs, Dominic V"]
[Black "Varley, Joe"]
[Result "1/2-1/2"]
[WhiteElo "1956"]
[BlackElo "2007"]
[PlyCount "123"]
[EventDate "2022.11.06"]
[WhiteTeam "Iceni 1"]
[BlackTeam "Hull & East Riding Tigers"]

1. e4 e5 2. Nf3 Nc6 3. Bb5 a6 4. Ba4 Nf6 5. O-O Be7 6. Qe2 b5 7. Bb3 d6 8. c3
O-O 9. Rd1 h6 10. d4 exd4 11. cxd4 Re8 12. a4 Rb8 13. axb5 axb5 14. e5 Bf8 15.
Nc3 Bg4 16. h3 Bh5 17. g4 Bg6 18. Nh4 Bh7 19. Qf3 dxe5 20. Qxc6 Nxg4 21. Nf3
Qc8 22. Qd5 Bg6 23. Nxe5 Nxe5 24. dxe5 Qxh3 25. Qg2 Qxg2+ 26. Kxg2 Rxe5 27. Bf4
Re7 28. Nd5 Re2 29. Ra2 Bc5 30. Be3 Bd6 31. Nc3 Bc2 32. Bxc2 Rxc2 33. Rd2 Rxd2
34. Bxd2 Be5 35. Ne4 b4 36. b3 Bd4 37. Ra5 Re8 38. Kf3 Rb8 39. Be3 Bxe3 40.
Kxe3 g5 41. Rc5 Rb7 42. Nf6+ Kg7 43. Rxc7 Rb5 44. Ne4 Kg6 45. Rc6+ Kg7 46. Rc4
f5 47. Nc5 h5 48. Nd3 h4 49. Kf3 Kg6 50. Rxb4 Rd5 51. Nb2 g4+ 52. Kg2 Rd2 53.
Nc4 h3+ 54. Kg3 h2 55. Kxh2 Rxf2+ 56. Kg1 g3 57. Ne3 Kg5 58. Ng2 f4 59. Nxf4
Rxf4 60. Rxf4 Kxf4 61. Kg2 Ke4 62. Kxg3 1/2-1/2

[Event "4NCL Division Three East"]
[Site "Daventry, ENG"]
[Date "2022.11.06"]
[Round "2.54"]
[White "Collinson, Mark I"]
[Black "Calvert, D Ian"]
[Result "1-0"]
[WhiteElo "1966"]
[BlackElo "1979"]
[PlyCount "91"]
[EventDate "2022.11.06"]
[WhiteTeam "Hull & East Riding Tigers"]
[BlackTeam "Iceni 1"]

1. d4 d5 2. c4 c6 3. cxd5 cxd5 4. Nf3 Nf6 5. Nc3 Nc6 6. Bg5 Ne4 7. e3 Nxg5 8.
Nxg5 h6 9. Nf3 e6 10. Rc1 Be7 11. Bd3 Bd7 12. O-O f5 13. Ne5 Nxe5 14. dxe5 O-O
15. Ne2 Rc8 16. Qb3 Qb6 17. Qxb6 axb6 18. Rxc8 Rxc8 19. Rc1 Rc5 20. a3 g5 21.
g3 Kf7 22. Kf1 Ke8 23. Ke1 Kd8 24. Kd2 Rxc1 25. Kxc1 Kc7 26. Kc2 Kc8 27. Kb3
Kc7 28. Nc3 Kc8 29. Bb5 Bxb5 30. Nxb5 Kd7 31. Nd4 Bc5 32. Ka4 Bxd4 33. exd4 Kc6
34. Kb4 g4 35. Ka4 h5 36. Kb4 Kd7 37. Kb5 Kc7 38. b3 Kc8 39. Kxb6 Kb8 40. b4
Kc8 41. a4 Kb8 42. a5 Kc8 43. b5 Kb8 44. a6 bxa6 45. bxa6 Ka8 46. Kc6 1-0

[Event "4NCL Division Three East"]
[Site "Daventry, ENG"]
[Date "2022.11.06"]
[Round "2.55"]
[White "Wilks, Simon"]
[Black "Hodge, Steve R"]
[Result "1/2-1/2"]
[WhiteElo "1924"]
[BlackElo "2023"]
[PlyCount "51"]
[EventDate "2022.11.06"]
[WhiteTeam "Iceni 1"]
[BlackTeam "Hull & East Riding Tigers"]

1. c4 f5 2. Nf3 Nf6 3. g3 g6 4. Bg2 Bg7 5. O-O O-O 6. Nc3 d6 7. d4 e6 8. Qc2
Nc6 9. d5 Nb4 10. Qb3 Na6 11. dxe6 Nc5 12. Qc2 Bxe6 13. Be3 Qe7 14. b3 c6 15.
Rad1 Rad8 16. Rfe1 Qc7 17. Bd4 Rfe8 18. Qb2 Nfe4 19. Nxe4 Nxe4 20. Nd2 d5 21.
Nxe4 dxe4 22. e3 c5 23. Bxg7 Qxg7 24. Qxg7+ Kxg7 25. Bf1 Kf6 26. Be2 1/2-1/2

[Event "4NCL Division Three East"]
[Site "Daventry, ENG"]
[Date "2022.11.06"]
[Round "2.56"]
[White "Thompson, Keith"]
[Black "Lewis, Stephen"]
[Result "0-1"]
[WhiteElo "1910"]
[BlackElo "1964"]
[PlyCount "94"]
[EventDate "2022.11.06"]
[WhiteTeam "Hull & East Riding Tigers"]
[BlackTeam "Iceni 1"]

1. e4 d5 2. exd5 Qxd5 3. Nc3 Qd6 4. d4 Nf6 5. Nf3 a6 6. g3 Bg4 7. Bg2 Nc6 8.
Be3 O-O-O 9. h3 Bh5 10. g4 Bg6 11. Qd2 Nb4 12. Rc1 Nfd5 13. Nxd5 Nxd5 14. c3 f6
15. Nh4 Bf7 16. Nf5 Qd7 17. b3 h5 18. Qe2 g6 19. Ng3 Nxe3 20. fxe3 hxg4 21.
hxg4 Rxh1+ 22. Nxh1 Bh6 23. Rd1 Rh8 24. Nf2 Qe6 25. e4 Qc6 26. Rd3 Bg5 27. Nh3
Bh4+ 28. Kd2 e5 29. d5 Qd6 30. Kc2 Be8 31. Ng1 Bg5 32. Kb2 Bd7 33. Nh3 Bh6 34.
Rd1 Bf8 35. Rf1 Kb8 36. Qf3 Be7 37. Nf2 Bc8 38. Rg1 Qd8 39. Nd3 Rh4 40. g5 Qh8
41. gxf6 Bxf6 42. Rf1 Bg7 43. Kb1 Bg4 44. Qg3 Be2 45. Rf2 Rg4 46. Qe3 Bxd3+ 47.
Qxd3 Rxg2 0-1

[Event "4NCL Division Three East"]
[Site "Daventry, ENG"]
[Date "2022.11.06"]
[Round "2.61"]
[White "Scott, David A"]
[Black "Kanellopoulos, Panayotis"]
[Result "0-1"]
[WhiteElo "2120"]
[BlackElo "2259"]
[PlyCount "56"]
[EventDate "2022.11.06"]
[WhiteTeam "Surbiton"]
[BlackTeam "Anglian Avengers 1"]

1. d4 Nf6 2. c4 g6 3. Nc3 Bg7 4. e4 O-O 5. Nf3 d6 6. Be2 e5 7. Be3 Qe7 8. Qc2
c6 9. d5 Na6 10. a3 Ng4 11. Bg5 f6 12. Bd2 f5 13. Bg5 Qc7 14. h3 Nf6 15. b4
fxe4 16. Bxf6 exf3 17. Bxg7 fxg2 18. Rg1 Qxg7 19. Bg4 Bxg4 20. hxg4 Qh6 21. Qe4
Rf4 22. Qxg2 Rxc4 23. g5 Qh4 24. dxc6 bxc6 25. Ne2 Rf8 26. Rh1 Qg4 27. Qh2 Rf7
28. Rg1 Qf5 0-1

[Event "4NCL Division Three East"]
[Site "Daventry, ENG"]
[Date "2022.11.06"]
[Round "2.62"]
[White "Lewis, Andrew P"]
[Black "Seymour, Timothy P"]
[Result "1/2-1/2"]
[WhiteElo "2238"]
[BlackElo "2082"]
[PlyCount "41"]
[EventDate "2022.11.06"]
[WhiteTeam "Anglian Avengers 1"]
[BlackTeam "Surbiton"]

1. d4 Nf6 2. c4 e6 3. Nc3 d5 4. cxd5 exd5 5. Bg5 c6 6. e3 h6 7. Bh4 Be7 8. Bd3
O-O 9. Qc2 Re8 10. Nge2 Nbd7 11. O-O a5 12. f3 b5 13. h3 Ba6 14. Rae1 Qb6 15.
Bf2 b4 16. Bxa6 Qxa6 17. Na4 Rac8 18. e4 c5 19. dxc5 Nxc5 20. Nxc5 Bxc5 21.
Bxc5 1/2-1/2

[Event "4NCL Division Three East"]
[Site "Daventry, ENG"]
[Date "2022.11.06"]
[Round "2.63"]
[White "Faulks, Nick"]
[Black "Walker, Martin G"]
[Result "0-1"]
[WhiteElo "1814"]
[BlackElo "2187"]
[PlyCount "56"]
[EventDate "2022.11.06"]
[WhiteTeam "Surbiton"]
[BlackTeam "Anglian Avengers 1"]

1. c4 e5 2. e3 Nc6 3. a3 a5 4. b3 Nf6 5. Bb2 Bc5 6. d3 O-O 7. Nf3 Re8 8. Be2 d5
9. O-O d4 10. e4 g6 11. Ne1 Qe7 12. Bc1 Nd8 13. f4 Nxe4 14. dxe4 d3+ 15. Kh1
dxe2 16. Qxe2 exf4 17. Bb2 Qxe4 18. Qxe4 Rxe4 19. Nc3 Bd4 20. Nxe4 Bxb2 21. Ra2
Bg7 22. Rxf4 Bf5 23. Rxf5 gxf5 24. Ng3 f4 25. Nf5 Ne6 26. Nxg7 Kxg7 27. Kg1 Nc5
28. Rb2 Re8 0-1

[Event "4NCL Division Three East"]
[Site "Daventry, ENG"]
[Date "2022.11.06"]
[Round "2.64"]
[White "Talsma, Paul"]
[Black "Boughen, Andrew"]
[Result "1-0"]
[WhiteElo "2183"]
[BlackElo "1701"]
[PlyCount "87"]
[EventDate "2022.11.06"]
[WhiteTeam "Anglian Avengers 1"]
[BlackTeam "Surbiton"]

1. d4 Nf6 2. c4 e6 3. Nc3 d5 4. Bg5 Be7 5. e3 Nbd7 6. Rc1 c6 7. Nf3 O-O 8. a3
dxc4 9. Bxc4 Nd5 10. Bxe7 Qxe7 11. O-O Nxc3 12. Rxc3 e5 13. Qc2 Kh8 14. Ba2 e4
15. Nd2 f5 16. b4 Nb6 17. Rb1 Bd7 18. a4 Be6 19. Bxe6 Qxe6 20. b5 Nd5 21. Rc5
cxb5 22. Rbxb5 Nb6 23. a5 Nd7 24. Rc7 b6 25. d5 Qe8 26. axb6 axb6 27. h3 Ra1+
28. Rb1 Rxb1+ 29. Qxb1 Qd8 30. d6 Rf6 31. Rc6 Qa8 32. Qc1 Nc5 33. Rxb6 Nd7 34.
Rc6 Rf8 35. Rc7 Rd8 36. Nb3 h6 37. Nd4 Nf8 38. Nxf5 Ne6 39. Qc3 Rg8 40. Qe5
Nxc7 41. dxc7 Kh7 42. Ne7 Rf8 43. c8=Q Rxc8 44. Qf5+ 1-0

[Event "4NCL Division Three East"]
[Site "Daventry, ENG"]
[Date "2022.11.06"]
[Round "2.65"]
[White "Alcock, Graham P"]
[Black "Myall, Ivan J"]
[Result "1/2-1/2"]
[WhiteElo "1757"]
[BlackElo "1994"]
[PlyCount "73"]
[EventDate "2022.11.06"]
[WhiteTeam "Surbiton"]
[BlackTeam "Anglian Avengers 1"]

1. e4 e5 2. Nf3 Nc6 3. c3 d5 4. Qa4 f6 5. Bb5 Nge7 6. O-O dxe4 7. Qxe4 Qd5 8.
Qxd5 Nxd5 9. Bxc6+ bxc6 10. d4 exd4 11. Re1+ Kf7 12. Nxd4 Bd7 13. Bd2 Rb8 14.
b3 Bd6 15. Nc2 Rhe8 16. Ne3 Re7 17. Nc4 Rxe1+ 18. Bxe1 Bf4 19. g3 Re8 20. Nbd2
Bd6 21. Nxd6+ cxd6 22. Nc4 Re6 23. Bd2 Ke7 24. Ne3 Nxe3 25. Bxe3 a6 26. Re1 c5
27. f3 Bc6 28. Kf2 Kd7 29. Bd2 d5 30. Rxe6 Kxe6 31. Be3 Kd6 32. Bf4+ Kd7 33.
Be3 c4 34. Bd4 Kd6 35. Ke3 Be8 36. b4 Ba4 37. g4 1/2-1/2

[Event "4NCL Division Three East"]
[Site "Daventry, ENG"]
[Date "2022.11.06"]
[Round "2.66"]
[White "Peck, Silas"]
[Black "Markov, Alexey"]
[Result "1-0"]
[WhiteElo "2066"]
[BlackElo "1703"]
[PlyCount "77"]
[EventDate "2022.11.06"]
[WhiteTeam "Anglian Avengers 1"]
[BlackTeam "Surbiton"]

1. e4 c5 2. Nf3 g6 3. d4 cxd4 4. Nxd4 Bg7 5. Nc3 Nc6 6. Be3 Nf6 7. Bc4 O-O 8.
Bb3 d6 9. f3 Nxd4 10. Bxd4 Be6 11. Qd2 Bxb3 12. axb3 a6 13. O-O-O Qc7 14. Bxf6
Bxf6 15. Nd5 Qc6 16. Nxf6+ exf6 17. Qxd6 Qxd6 18. Rxd6 Kg7 19. Rhd1 a5 20. Rb6
a4 21. Rxb7 axb3 22. Rxb3 Ra5 23. c3 Ra1+ 24. Kc2 Rfa8 25. Rb7 Rxd1 26. Kxd1
Ra1+ 27. Ke2 Rc1 28. Rd7 h5 29. Rd1 Rc2+ 30. Rd2 Rc1 31. Kd3 Kf8 32. b4 Ke7 33.
Kc4 g5 34. h3 Ke6 35. b5 f5 36. exf5+ Kxf5 37. b6 Rb1 38. Rd5+ Ke6 39. Rb5 1-0